000 00719nam a2200229Ii 4500
003 JO-AjNU
008 230605s9999||||xx |||||||||||||| ||und||
017 _a1993/2443
020 _a977-5344-81-6
040 _aJO-AjNU
_bara
_erda
_cJO-AjNU
041 _aara
050 1 4 _aPR6003.E282.E512 1993
100 3 _aتأليف بيكيت، صمويل ؛ ترجمة أحمد عمر شاهين,
_eauthor
_916520
245 0 0 _aالنهاية
250 _aط1
264 3 1 _aالكويت: دار سعاد الصباح، 1993
300 _a93ص
336 _atext
_btxt
_2rdacontent
337 _aunmediated
_bn
_2rdamedia
338 _avolume
_bnc
_2rdacarrier
650 4 _aالقصص الإنجليزية - مسرح
_916521
999 _aA4916
_c8484
_d8484